000 00690nam a2200169 4500
001 138329
003 ES-MaACL
005 20230906195538.0
007 t|
008 070214s1932 sp r ||||1| spa d
100 1 _aSanchís Perpiñá, Vicente.
_9103019
245 1 0 _aNuestros procedimientos operatorios ante los hipospadias penobalánicos y penoescrotales /
_cpor V. Sanchís Perpiñá.
260 _aMadrid :
_b[s. n.],
_c1932.
300 _a17 h. :
_bil. ;
_c24 x 17 cm.
500 _aPublicado en: Archivos de Medicina, Cirugía y Especialidades, nº 639. Y también en: Actas de la Sociedad de Cirugía de Madrid, t. I, fasc. 2º, enero-marzo 1932.
852 _aES-MaACL
_j1761-F-5
999 _c138329
_d138329